Fr. Conceicao Rodrigues College of Engineering

Process Control Systems (Record no. 31488)

MARC details
000 -LEADER
fixed length control field 00310nam a2200145Ia 4500
082 ## - DEWEY DECIMAL CLASSIFICATION NUMBER
Classification number 660.281
100 ## - MAIN ENTRY--PERSONAL NAME
Personal name Shinskey/ F.G.
245 ## - TITLE STATEMENT
Title Process Control Systems
260 ## - PUBLICATION, DISTRIBUTION, ETC.
Name of publisher, distributor, etc. Mc Graw Hill
Place of publication, distribution, etc. Singapore
Date of publication, distribution, etc. 1988
300 ## - PHYSICAL DESCRIPTION
Extent 525
546 ## - LANGUAGE NOTE
Language note ENGLISH
654 ## - SUBJECT ADDED ENTRY--FACETED TOPICAL TERMS
Focus term Process control
942 ## - ADDED ENTRY ELEMENTS (KOHA)
Koha item type BOOK
Holdings
Withdrawn status Lost status Damaged status Not for loan Collection Home library Current library Shelving location Date acquired Source of acquisition Cost, normal purchase price Total Checkouts Full call number Barcode Date last seen Cost, replacement price Price effective from Koha item type
        CRC Fr. Agnel's C.Rodrigues College of Engineering Fr. Agnel's C.Rodrigues College of Engineering   17/03/2023 global books 363.54   660.281 5526 17/03/2023 363.54 17/03/2023 BOOK
        CRC Fr. Agnel's C.Rodrigues College of Engineering Fr. Agnel's C.Rodrigues College of Engineering   17/03/2023 global books 363.54   660.281 5527 17/03/2023 363.54 17/03/2023 BOOK